[Event "Muensterland Verbandsklasse-B 0607"]
[Site "Germany"]
[Date "2007.03.24"]
[Round "7.7"]
[White "Schmeing, Manfred"]
[Black "Droste, Michael"]
[Result "1/2-1/2"]
[WhiteElo "1737"]
[BlackElo "1625"]
[PlyCount "91"]
[EventDate "2006.09.23"]
[EventType "team-tourn"]
[EventRounds "9"]
[EventCountry "GER"]
[SourceTitle "EXT 2008"]
[Source "ChessBase"]
[SourceDate "2007.11.25"]
[SourceVersion "1"]
[SourceVersionDate "2007.11.25"]
[SourceQuality "1"]
[WhiteTeam "Suedlohn II"]
[BlackTeam "Luedinghausen"]
[WhiteTeamCountry "GER"]
[BlackTeamCountry "GER"]

1. e4 d6 2. d4 Nf6 3. Nc3 g6 4. f4 Bg7 5. Nf3 c6 6. h3 e6 7. g4 Nbd7 8. Bg2 0-0 9. Be3 Re8 10. Qd2 Nb6 11. b3 a5 12. a4 Qc7 13. 0-0 Nbd7 14. e5 Nd5 15. Nxd5 cxd5 16. Rac1 Qb6 17. h4 dxe5 18. fxe5 Nb8 19. Bh6 Nc6 20. Bxg7 Kxg7 21. Qf4 Qd8 22. Ng5 Rf8 23. Rcd1 Qe7 24. h5 h6 25. Nf3 g5 26. Qe3 Bd7 27. Ne1 Rac8 28. Rf6 Rg8 29. Nf3 Nb4 30. c3 Nc6 31. Rf1 Nd8 32. Nd2 Rh8 33. c4 Bc6 34. c5 Qc7 35. Nf3 Qe7 36. Kh2 Kf8 37. Kg3 Ke8 38. Nxg5 hxg5 39. Qxg5 Kd7 40. Qg7 Qf8 41. h6 Qe8 42. h7 Kc7 43. g5 Kb8 44. g6 Rc7 45. gxf7 Rxf7 46. Rxf7 1/2-1/2

[Event "Muensterland Verbandsklasse-B 0607"]
[Site "Germany"]
[Date "2006.09.23"]
[Round "1.6"]
[White "Schmeing, Manfred"]
[Black "Kordel, Mathias"]
[Result "1-0"]
[WhiteElo "1737"]
[BlackElo "1894"]
[PlyCount "75"]
[EventDate "2006.09.23"]
[EventType "team-tourn"]
[EventRounds "9"]
[EventCountry "GER"]
[SourceTitle "EXT 2008"]
[Source "ChessBase"]
[SourceDate "2007.11.25"]
[SourceVersion "1"]
[SourceVersionDate "2007.11.25"]
[SourceQuality "1"]
[WhiteTeam "Suedlohn II"]
[BlackTeam "Buldern"]
[WhiteTeamCountry "GER"]
[BlackTeamCountry "GER"]

1. e4 e6 2. d4 d5 3. Nc3 Nf6 4. e5 Nfd7 5. f4 c5 6. Nf3 Nc6 7. Be3 Qa5 8. a3 Nxd4 9. Bxd4 cxd4 10. Nxd4 a6 11. Be2 Be7 12. 0-0 b5 13. b4 Qc7 14. Qd2 Bb7 15. Kh1 Rc8 16. Rf3 Nb6 17. Rc1 Nc4 18. Bxc4 dxc4 19. Rg3 0-0 20. Qe2 Rfd8 21. Rd1 Qb6 22. Qg4 Bf8 23. f5 exf5 24. Nxf5 Rxd1+ 25. Nxd1 g6 26. Qf4 Rd8 27. Nde3 Bc8 28. Nh6+ Bxh6 29. Qxh6 Qxe3 30. Qxe3 Rd1+ 31. Qg1 Rxg1+ 32. Kxg1 Kf8 33. Kf2 Ke7 34. Ke3 Bf5 35. c3 Kd7 36. Kd4 Kc6 37. Re3 h5 38. Re1 1-0

[Event "Muensterland Verbandsklasse-B 0506"]
[Site "Germany"]
[Date "2006.04.08"]
[Round "8.4"]
[White "Weskamp, Matthias"]
[Black "Schmeing, Manfred"]
[Result "1/2-1/2"]
[WhiteElo "1755"]
[BlackElo "1777"]
[PlyCount "82"]
[EventDate "2005.09.03"]
[EventType "team-tourn"]
[EventRounds "9"]
[EventCountry "GER"]
[SourceTitle "EXT 2006"]
[Source "ChessBase"]
[SourceDate "2005.11.24"]
[SourceVersion "1"]
[SourceVersionDate "2005.11.24"]
[SourceQuality "1"]
[WhiteTeam "Westbevern II"]
[BlackTeam "Suedlohn II"]
[WhiteTeamCountry "GER"]
[BlackTeamCountry "GER"]

1. e4 g6 2. d4 Bg7 3. c4 d6 4. Nc3 Nd7 5. Bg5 c5 6. d5 h6 7. Be3 Ngf6 8. h3 a6 9. a4 b6 10. f4 Nf8 11. Qd2 Bd7 12. Nf3 Qc7 13. Be2 N8h7 14. 0-0 Nh5 15. Rfe1 N7f6 16. Bd3 Ng3 17. Bf2 Nfh5 18. Kh2 Nxf4 19. Qxf4 Nh5 20. Qd2 0-0 21. Ne2 e6 22. Ng3 Nxg3 23. Bxg3 Rab8 24. Ra2 e5 25. Rb1 Rbe8 26. b4 f5 27. bxc5 bxc5 28. Qc2 f4 29. Be1 g5 30. Rab2 Rb8 31. Rxb8 Rxb8 32. a5 Bf6 33. Rb2 Bd8 34. Qb1 Rxb2 35. Qxb2 Kf7 36. Bc3 Bf6 37. Bc2 Kg6 38. Qa3 h5 39. Ba4 g4 40. hxg4 hxg4 41. Ng1 Bxa4 1/2-1/2